Riadenie procesu separácie virivými prúdmi

Uložené v:
Podrobná bibliografia
Hlavný autor: Paneva, Ekaterina (Autor)
Ďalší autori: Vlnka, Ján (Vedúci práce)
Médium: Rukopis Kniha
Jazyk:Slovak
Vydavateľské údaje: 2015
Predmet:
On-line prístup:http://is.stuba.sk/zp/portal_zp.pl?podrobnosti=99604
Tagy: Pridať tag
Žiadne tagy, Buďte prvý, kto otaguje tento záznam!

MARC

LEADER 00000ntm a22000003a 4500
001 stuzp52651
003 SK-STU
005 20160719154234.8
007 ta
008 150427s2015----xo-----f-mn---000-0-slo-d
040 |a STU  |b slo 
041 0 |a slo 
100 1 |a Paneva, Ekaterina  |u 020020  |4 aut  |U SjF Strojnícka fakulta  |T SjF Ústav automatizácie, merania a aplikovanej informatiky  |X 55388  |U J0020  |Y 802  |7 55388 
242 0 1 |a upervision of the process of eddy current magnetic separation  |y eng 
245 1 0 |a Riadenie procesu separácie virivými prúdmi 
260 |c 2015 
650 4 |a recyklovánie  |2 slo 
650 4 |a banovnictvo  |2 slo 
650 4 |a magnetická separácia virivými prúdmi  |2 slo 
650 4 |a permanentný magnet  |2 slo 
650 4 |a magnety  |2 slo 
650 4 |a neželezné kovy  |2 slo 
650 4 |a odpady  |2 slo 
650 4 |a bubňový separátor  |2 slo 
650 4 |a magnets  |2 eng 
650 4 |a permanent magnets  |2 eng 
650 4 |a waste  |2 eng 
650 4 |a recycling  |2 eng 
650 4 |a mining  |2 eng 
650 4 |a eddy current magnetic separation  |2 eng 
650 4 |a drum rotation separator  |2 eng 
650 4 |a non ferrous particles  |2 eng 
700 1 |a Vlnka, Ján  |4 ths  |X 2405  |7 A000002405 
856 4 |u http://is.stuba.sk/zp/portal_zp.pl?podrobnosti=99604 
SQL |a stuzp52651  |b DBP  |c SLO  |d Riadenie procesu separácie virivými prúdmi  |e 55388  |f Paneva, Ekaterina  |g 020020  |h 2405  |i Vlnka, Ján  |j 20150616  |k 645  |l 02  |m http://is.stuba.sk/zp/portal_zp.pl?podrobnosti=99604  |n B-AMAM  |o 5.1.7. aplikovaná mechanika, 5.2.16. mechatronika